Statistics for (I Just) Died In Your Arms - Hidden Citizens - All Lyrics

Click here to take the quiz!

General Stats

  • This quiz has been taken 45 times
  • The average score is 101 of 145

Answer Stats

Answer% Correct
I,
100%
I
100%
arms
97%
died
97%
in
97%
just
97%
you
97%
your
97%
to
92%
Tonight
89%
tonight
89%
It
86%
Oh
84%
by
81%
some
81%
been
78%
something
78%
said
76%
of
70%
must've
65%
away
57%
an
54%
kind
54%
And
51%
and
51%
kiss
51%
can't
49%
me
49%
walked
49%
for
46%
get
43%
looking
38%
out
38%
should've
38%
this
38%
way
38%
don't
35%
easy
35%
keep
32%
my
32%
see
32%
all
30%
no
30%
around
27%
Broken
24%
too
24%
hearts
22%
it's
22%
I've
22%
lie
22%
take
22%
give
19%
'Cause
16%
many
16%
times
16%
found,
14%
lost
14%
Loving
14%
mistake
14%
one
14%
proxy,
14%
fantasy
11%
final
11%
thrilled
5%

Score Distribution

Percentile by Number Answered

Percent of People with Each Score

Your Score History

You have not taken this quiz